<?xml version="1.0" encoding="UTF-8"?>
<record
    xmlns:xsi="http://www.w3.org/2001/XMLSchema-instance"
    xsi:schemaLocation="http://www.loc.gov/MARC21/slim http://www.loc.gov/standards/marcxml/schema/MARC21slim.xsd"
    xmlns="http://www.loc.gov/MARC21/slim">

  <leader>00879nam a2200205Ia 4500</leader>
  <controlfield tag="003">OSt</controlfield>
  <controlfield tag="005">20251003121828.0</controlfield>
  <controlfield tag="008">210210b2005   xxu||||| |||| 00| 0 eng d</controlfield>
  <datafield tag="040" ind1=" " ind2=" ">
    <subfield code="c">AL</subfield>
  </datafield>
  <datafield tag="041" ind1=" " ind2=" ">
    <subfield code="a">Kannada</subfield>
  </datafield>
  <datafield tag="082" ind1=" " ind2=" ">
    <subfield code="a">S891.2K GOPM</subfield>
  </datafield>
  <datafield tag="100" ind1=" " ind2=" ">
    <subfield code="a">GOPALARAV (B).</subfield>
    <subfield code="9">115434</subfield>
    <subfield code="d">&#xC97;&#xCCB;&#xCAA;&#xCBE;&#xCB2;&#xCB0;&#xCBE;&#xCB5;&#xCCD; (&#xCAC;&#xCBF;)</subfield>
  </datafield>
  <datafield tag="245" ind1=" " ind2=" ">
    <subfield code="a">Mahakavi Kalidasapranita meghaduta: mulashloka, mallinathana sanjivani vyakhyana tatparya mattu anvayartha.</subfield>
    <subfield code="b">&#xCAE;&#xCB9;&#xCBE;&#xC95;&#xCB5;&#xCBF; &#xC95;&#xCBE;&#xCB3;&#xCBF;&#xCA6;&#xCBE;&#xCB8;&#xCAA;&#xCCD;&#xCB0;&#xCA3;&#xCC0;&#xCA4; &#xCAE;&#xCC7;&#xC98;&#xCA6;&#xCC2;&#xCA4; : &#xCAE;&#xCC2;&#xCB2;&#xCB6;&#xCCD;&#xCB2;&#xCCB;&#xC95;, &#xCAE;&#xCB2;&#xCCD;&#xCB2;&#xCBF;&#xCA8;&#xCBE;&#xCA5;&#xCA8; &#xCB8;&#xC82;&#xC9C;&#xCC0;&#xCB5;&#xCA8;&#xCBF; &#xCB5;&#xCCD;&#xCAF;&#xCBE;&#xC96;&#xCCD;&#xCAF;&#xCBE;&#xCA8; &#xCA4;&#xCBE;&#xCA4;&#xCCD;&#xCAA;&#xCB0;&#xCCD;&#xCAF; &#xCAE;&#xCA4;&#xCCD;&#xCA4;&#xCC1; &#xC85;&#xCA8;&#xCCD;&#xCB5;&#xCAF;&#xCBE;&#xCB0;&#xCCD;&#xCA5; </subfield>
  </datafield>
  <datafield tag="260" ind1=" " ind2=" ">
    <subfield code="a">Bengaluru</subfield>
    <subfield code="b">Ankita Pustaka</subfield>
    <subfield code="c">2005</subfield>
  </datafield>
  <datafield tag="300" ind1=" " ind2=" ">
    <subfield code="a">252</subfield>
  </datafield>
  <datafield tag="650" ind1=" " ind2=" ">
    <subfield code="a">Kalidasa Meghaduta</subfield>
    <subfield code="9">115435</subfield>
  </datafield>
  <datafield tag="690" ind1=" " ind2=" ">
    <subfield code="a">Sanskrit Drama</subfield>
    <subfield code="9">115436</subfield>
  </datafield>
  <datafield tag="906" ind1=" " ind2=" ">
    <subfield code="a">060371</subfield>
  </datafield>
  <datafield tag="942" ind1=" " ind2=" ">
    <subfield code="2">ddc</subfield>
    <subfield code="c">BK</subfield>
  </datafield>
  <datafield tag="999" ind1=" " ind2=" ">
    <subfield code="c">107314</subfield>
    <subfield code="d">107314</subfield>
  </datafield>
  <datafield tag="952" ind1=" " ind2=" ">
    <subfield code="0">0</subfield>
    <subfield code="1">0</subfield>
    <subfield code="2">ddc</subfield>
    <subfield code="4">0</subfield>
    <subfield code="7">0</subfield>
    <subfield code="8">Sanskrit</subfield>
    <subfield code="a">AL</subfield>
    <subfield code="b">AL</subfield>
    <subfield code="c">Sanskrit Literature</subfield>
    <subfield code="d">2021-02-17</subfield>
    <subfield code="e">Paul Moras, Mangalore.</subfield>
    <subfield code="g">150.00</subfield>
    <subfield code="l">0</subfield>
    <subfield code="o">S891.2K GOPM</subfield>
    <subfield code="p">060371</subfield>
    <subfield code="r">2021-02-17 00:00:00</subfield>
    <subfield code="w">2021-02-17</subfield>
    <subfield code="y">BK</subfield>
  </datafield>
  <datafield tag="952" ind1=" " ind2=" ">
    <subfield code="0">0</subfield>
    <subfield code="1">0</subfield>
    <subfield code="2">ddc</subfield>
    <subfield code="4">0</subfield>
    <subfield code="7">0</subfield>
    <subfield code="8">Sanskrit</subfield>
    <subfield code="a">AL</subfield>
    <subfield code="b">AL</subfield>
    <subfield code="c">Sanskrit Literature</subfield>
    <subfield code="d">2021-02-17</subfield>
    <subfield code="e">Paul Moras, Mangalore.</subfield>
    <subfield code="g">150.00</subfield>
    <subfield code="l">0</subfield>
    <subfield code="o">S891.2K GOPM</subfield>
    <subfield code="p">060372</subfield>
    <subfield code="r">2021-02-17 00:00:00</subfield>
    <subfield code="w">2021-02-17</subfield>
    <subfield code="y">BK</subfield>
  </datafield>
</record>
